000 00455nam a22001817a 4500
003 MPLRDC
005 20220104124318.0
008 210129b ||||| |||| 00| 0 eng d
020 _a7-201-00844-7
082 _a530.92 LYL
100 _a李岩龄等著
245 _a中国宫廷礼俗
_c
250 _a一版二刷
260 _a
_b天津人民出版社
_c1992
300 _b
650 _a礼俗; 礼仪总论--中国
942 _cBK
_o530.92 LYL
999 _c18332
_d18322